| 000 | 00764nam a2200253 i 4500 | ||
|---|---|---|---|
| 001 | bg | ||
| 100 | 1 | _aPASTUCHA, Ludwik | |
| 245 | 1 | 0 |
_aPodstawy przekazywania ciepła / _cLudwik Pastucha, Henryk Otwinowski ; Politechnika Częstochowska. |
| 260 |
_aCzęstochowa : _bWydaw. PC, _c1999. |
||
| 300 |
_a433, [1] s. : _brys., wykr. ; _c24 cm. |
||
| 504 | _aBibliogr. przy rozdz. | ||
| 650 | 9 | _aPrzewodnictwo cieplne | |
| 650 | 9 | _aTermodynamika techniczna | |
| 655 | _aPodręczniki akademickie | ||
| 700 | 1 | _aOTWINOWSKI, Henryk | |
| 710 | 0 | _aPolitechnika Częstochowska | |
| 020 | _a8371930712 | ||
| 040 | _cBPK | ||
| 041 | 0 | _apl | |
| 080 | _a536:621.1.01](075.8) | ||
| 920 | _a83-7193-071-2 | ||
| 942 | _cKS | ||
| 008 | s pl f |000 0 pol | ||
| 999 |
_c38402 _d38402 |
||
| 856 |
_uhttp://koha.tu.koszalin.pl/cgi-bin/koha/opac-detail.pl?biblionumber=38402 _yKatalog online BPK |
||